[Event "Coimbra op"]
[Site "Coimbra"]
[Date "2014.04.26"]
[Round "5"]
[White "Lopes, Jose Manuel Sousa"]
[Black "Sequeira, Rui Jorge Nunes"]
[Result "1-0"]
[WhiteElo "1751"]
[BlackElo "1442"]
[PlyCount "105"]
[EventDate "2014.04.25"]
[EventType "swiss"]
[EventRounds "7"]
[EventCountry "POR"]
[SourceTitle "CBM 160 Extra"]
[Source "ChessBase"]
[SourceDate "2014.07.01"]
[SourceVersion "1"]
[SourceVersionDate "2014.07.01"]
[SourceQuality "1"]

1. d4 e6 2. c4 d5 3. Nc3 Nf6 4. Nf3 c6 5. e3 Bb4 6. Bd2 0-0 7. Bd3 Nbd7 8. 0-0 Bxc3 9. Bxc3 b6 10. b4 Bb7 11. c5 Qc7 12. h3 Rab8 13. Qc2 h6 14. Nd2 Rfe8 15. e4 e5 16. Rfe1 Ba8 17. Re3 a5 18. a3 Kh8 19. Rae1 axb4 20. axb4 bxc5 21. bxc5 Re6 22. dxe5 Nxe5 23. exd5 Nxd3 24. dxe6 Nxe1 25. Rxe1 Re8 26. Nc4 Rxe6 27. Rxe6 fxe6 28. Bxf6 gxf6 29. Qg6 Qf4 30. Qg4 Qxg4 31. hxg4 Kg7 32. Nd6 Kg6 33. f4 e5 34. g3 h5 35. gxh5+ Kxh5 36. Kf2 Kg4 37. fxe5 fxe5 38. Ke3 Kxg3 39. Ke4 Kg4 40. Kxe5 Kg5 41. Nf7+ Kg6 42. Nd8 Kg7 43. Kd6 Kf8 44. Ne6+ Kg8 45. Kc7 Kf7 46. Nd4 Kf6 47. Kb8 Ke5 48. Nb3 Kd5 49. Kxa8 Kc4 50. Kb7 Kb5 51. Kc7 Ka6 52. Kxc6 Ka7 53. Kd7 1-0

[Event "Coimbra op"]
[Site "Coimbra"]
[Date "2014.04.26"]
[Round "4"]
[White "Nogueira, Diana Sofia Cunha"]
[Black "Lopes, Jose Manuel Sousa"]
[Result "1/2-1/2"]
[WhiteElo "1445"]
[BlackElo "1751"]
[PlyCount "86"]
[EventDate "2014.04.25"]
[EventType "swiss"]
[EventRounds "7"]
[EventCountry "POR"]
[SourceTitle "CBM 160 Extra"]
[Source "ChessBase"]
[SourceDate "2014.07.01"]
[SourceVersion "1"]
[SourceVersionDate "2014.07.01"]
[SourceQuality "1"]

1. e4 e6 2. d4 d5 3. exd5 exd5 4. Bd3 Nf6 5. Ne2 Bd6 6. Bf4 0-0 7. 0-0 c6 8. c3 Bg4 9. Bxd6 Qxd6 10. h3 Bh5 11. Qc2 Bg6 12. Nd2 Bxd3 13. Qxd3 Nbd7 14. Ng3 Rfe8 15. Rfe1 Qf4 16. Ne2 Qc7 17. Ng3 c5 18. Nf3 h6 19. Rxe8+ Rxe8 20. Re1 Rxe1+ 21. Nxe1 Qf4 22. Qe3 Qxe3 23. fxe3 c4 24. Kf2 g6 25. Nc2 Kf8 26. Kf3 Ke7 27. e4 dxe4+ 28. Nxe4 a6 29. Ne3 b5 30. Nxf6 Nxf6 31. Ng4 Nxg4 32. Kxg4 Kd6 33. h4 Kd5 34. h5 Ke4 35. hxg6 fxg6 36. g3 a5 37. a3 Kd5 38. Kf4 Kd6 39. Kg4 Ke6 40. Kf4 Kf6 41. g4 Ke6 42. Kg3 Kd5 43. Kf4 Ke6 1/2-1/2